00662nam a2200181 i 450000100060000000300090000600500170001500700030003200800410003510000230007624500940009926000510019330000200024450500650026465000700032965000610039985200200046090278ES-MaACL20230906180411.0t|050119s1949 fr ||||1| fre d1 aLe Gentil, Pierre.13aLa poesie lyrique espagnole et portugaise áa la fin du moyen âge /cPierre Le Gentil. aRennes : bPhilon, c1949 (fImp. Commerciale) a1 v. ; c25 cm.8 aContiene: I ; tPremiere partie: Les thèmes et les genres. 4aPoesía lírica española-yHasta S.XV-xHistoria y crítica. 4aPoesía portuguesa-yS.XVI-XVII-xHistoria y crítica. aES-MaACLjP-982